LEADER 00962nam a2200217 i 4500 001 000000171115 003 CaOOAMICUS 005 20080418000000.0 008 080418s1941 it u000 u ita u 013 $a148539 040 $aSeMil$bita 100 1 $aAndreev, Leonid Nikolaevi?,$d<1871-1919>.$0(OLS)http://semarc/name/64009 245 10$aNovelle e drammi /$cLeonida Andreiev ; a cura della duchessa d' Andria. 260 $aTorino :$bUnione Tipografico-Editrice Torinese,$c1941. 300 $a335 p., [1] p. di ritratto ;$c19 cm. 700 1 $aCarafa Capecelatro, Enrichetta,$d<1863-1941>.$0(OLS)http://semarc/name/8811 850 $aSeMil 852 $aSeMil$W1$xVenegono$y1$m1W II 85$j121991$B121991$CSeMilBibl$Z2$F133211 $81 961 $aOmaggio: Biblioteca Seminario Seveso (fino al 1985) 996 $6245$aNovelle e drammi$9(OLS)http://semarc/title/244786 996 $6260$aTorino :$bUnione Tipografico-Editrice Torinese$9(OLS)http://semarc/publisher/29628 LEADER 01041nam a2200229 i 4500 001 000000016772 003 CaOOAMICUS 005 20190604165450.0 008 180830s1977 it u000 u ita u 040 $aSeMil$bita 100 1 $aCarandini, Silvia.$0(OLS)http://semarc/name/7709 245 12$aL'effimero Barocco :$bstrutture della festa nella Roma del '600 /$ca cura di Maurizio Fagiolo Dell'Arco, Silvia Carandini. 260 $aRoma :$bBulzoni,$c1977-1978. 300 $a2 v. ;$c21 cm. 650 4$aBarocco.$0(OLS)http://semarc/subject/2740 700 1 $aFagiolo Dell'Arco, Maurizio.$0(OLS)http://semarc/name/7710 773 0 $tBiblioteca di storia dell'arte.$dRoma : Bulzoni, [197?]$w()16773 774 0 $t1: Catalogo.$kBiblioteca di storia dell'arte$g1$w()155278 774 0 $t2: Testi.$kBiblioteca di storia dell'arte$g2$w()155279 996 $6245$aL'effimero Barocco :$bstrutture della festa nella Roma del '600$9(OLS)http://semarc/title/22187 996 $6260$aRoma :$bBulzoni$9(OLS)http://semarc/publisher/30302